000 00511nam a2200157 i 4500
001 46625
003 ES-MaACL
005 20230906161423.0
007 t|
008 030331s1973 sp ||||1| spa d
111 2 _aCongreso Interamericano de Municipios (
_n14º.
_d1972.
_cMálaga)
_9397
245 1 0 _aCrónica del XIV Congreso Interamericano de Municipios.
260 _aMadrid :
_bInstituto de Estudio de Administración Local,
_c1973.
300 _a1401 p. ;
_c24 cm.
852 _aES-MaACL
_jC-53832
_bR.86774
999 _c46625
_d46625